<?xml version="1.0" encoding="UTF-8"?><?xml-stylesheet type="text/xsl" href="static/style.xsl"?><OAI-PMH xmlns="http://www.openarchives.org/OAI/2.0/" xmlns:xsi="http://www.w3.org/2001/XMLSchema-instance" xsi:schemaLocation="http://www.openarchives.org/OAI/2.0/ http://www.openarchives.org/OAI/2.0/OAI-PMH.xsd"><responseDate>2026-04-17T19:16:08Z</responseDate><request verb="GetRecord" identifier="oai:www.recercat.cat:10459.1/70788" metadataPrefix="marc">https://recercat.cat/oai/request</request><GetRecord><record><header><identifier>oai:recercat.cat:10459.1/70788</identifier><datestamp>2024-12-05T22:09:17Z</datestamp><setSpec>com_2072_3622</setSpec><setSpec>col_2072_479130</setSpec></header><metadata><record xmlns="http://www.loc.gov/MARC21/slim" xmlns:dcterms="http://purl.org/dc/terms/" xmlns:xsi="http://www.w3.org/2001/XMLSchema-instance" xmlns:doc="http://www.lyncode.com/xoai" xsi:schemaLocation="http://www.loc.gov/MARC21/slim http://www.loc.gov/standards/marcxml/schema/MARC21slim.xsd">
   <leader>00925njm 22002777a 4500</leader>
   <datafield ind2=" " ind1=" " tag="042">
      <subfield code="a">dc</subfield>
   </datafield>
   <datafield ind2=" " ind1=" " tag="720">
      <subfield code="a">Nicolau Lapeña, Iolanda</subfield>
      <subfield code="e">author</subfield>
   </datafield>
   <datafield ind2=" " ind1=" " tag="720">
      <subfield code="a">Abadias i Sero, Mª Isabel</subfield>
      <subfield code="e">author</subfield>
   </datafield>
   <datafield ind2=" " ind1=" " tag="720">
      <subfield code="a">Bobo, Gloria</subfield>
      <subfield code="e">author</subfield>
   </datafield>
   <datafield ind2=" " ind1=" " tag="720">
      <subfield code="a">Aguiló-Aguayo, Ingrid</subfield>
      <subfield code="e">author</subfield>
   </datafield>
   <datafield ind2=" " ind1=" " tag="720">
      <subfield code="a">Lafarga, Tomás</subfield>
      <subfield code="e">author</subfield>
   </datafield>
   <datafield ind2=" " ind1=" " tag="720">
      <subfield code="a">Viñas Almenar, Inmaculada</subfield>
      <subfield code="e">author</subfield>
   </datafield>
   <datafield ind2=" " ind1=" " tag="260">
      <subfield code="c">2021-03-18T08:22:16Z</subfield>
   </datafield>
   <datafield ind2=" " ind1=" " tag="260">
      <subfield code="c">2021-03-18T08:22:16Z</subfield>
   </datafield>
   <datafield ind2=" " ind1=" " tag="260">
      <subfield code="c">2019-05-15</subfield>
   </datafield>
   <datafield ind2=" " ind1=" " tag="520">
      <subfield code="a">The risk posed by outbreaks associated with strawberries together with the safety issues of by-products from chlorine disinfection in the fruit industry has led to a search for alternative sanitizers. The disinfection capacity of peracetic acid (PA) at three concentrations (20, 40 and 80 ppm) and washing times (1 and 2 min) was compared to sodium hypochlorite (200 ppm) (NaClO) treatments and a water control, and its influence on the physico-chemical, biochemical and nutritional quality of strawberries was also studied. Counts on total aerobic mesophilic microorganisms were comparable between NaClO and PA. For yeasts and molds, only NaClO and 80 ppm PA reduced contamination in washing water, but no differences wereobserved in strawberries. Artificially inoculated L. innocua was reduced by at least 4 log cfu/g in strawberry by all the PA treatments, except at 20 ppm PA for 1 min. Total soluble solids, pH, titratable acidity, antioxidant activity and total phenolic content values were maintained after all treatments. Only anthocyanin content was affected. Treatments of 20 and 40 ppm PA did not significantly affect fruit color, and there were no losses on strawberry firmness. PA, as a GRAS substance that has shown potential to reduce microorganisms present in strawberries without any major physicochemical or sensorial alteration, could be a suitable alternative to chlorine disinfection.</subfield>
   </datafield>
   <datafield ind2=" " ind1=" " tag="520">
      <subfield code="a">This work was financially supported by Spanish ‘Ministerio de Educación, Economía y Cultura’ [FRESAFE Project AGL 2016-78086-R, Ramón y Cajal Program, RYC-2016-19949 (I. Aguiló-Aguayo), Predoctoral grant, BES-2017-079779 (I. Nicolau-Lapeña) and Juan de la Cierva grant, FJCI-2016-29541 (T. Lafarga)].</subfield>
   </datafield>
   <datafield ind1="8" ind2=" " tag="024">
      <subfield code="a">http://hdl.handle.net/10459.1/70788</subfield>
   </datafield>
   <datafield tag="653" ind2=" " ind1=" ">
      <subfield code="a">Listeria innocua</subfield>
   </datafield>
   <datafield tag="653" ind2=" " ind1=" ">
      <subfield code="a">Native microbiota</subfield>
   </datafield>
   <datafield tag="653" ind2=" " ind1=" ">
      <subfield code="a">Nutritional</subfield>
   </datafield>
   <datafield tag="653" ind2=" " ind1=" ">
      <subfield code="a">Biochemical</subfield>
   </datafield>
   <datafield tag="653" ind2=" " ind1=" ">
      <subfield code="a">Disinfection</subfield>
   </datafield>
   <datafield ind2="0" ind1="0" tag="245">
      <subfield code="a">Strawberry sanitization by peracetic acid washing and its effect on fruit quality</subfield>
   </datafield>
</record></metadata></record></GetRecord></OAI-PMH>